| 000 | 00392nam a2200145Ia 4500 | ||
|---|---|---|---|
| 008 | 230711s9999||||xx |||||||||||||| ||und|| | ||
| 041 | _aENG | ||
| 082 |
_a621 _bKO-R |
||
| 100 | _aKothari,D.P | ||
| 245 | 0 | _aRecent trends in electric engineering systems | |
| 250 | _a1st | ||
| 260 |
_c1988 _aNew Delhi _bPrentice-Hall of India Private Limited |
||
| 650 | _aElectrical Engineering | ||
| 942 | _cBK | ||
| 999 |
_c1336 _d1336 |
||